01163nam a2200265Ia 450000100060000000300090000600800410001504000130005604000130006904100130008210000220009510000290011724000270014624000350017324500260020824500260023425000110026026000110027126000180028226000490030030000420034950004510039165000240084265000310086612858IT-RoPAU130308s9999 xx 000 0 und d aIT-RoPAU cIT-RoPAU aITALIANO aGreen Ross Donald gCodice Aut. SPICS: 5841 aEDUCATIONAL PSYCHOLOGY gCodice Tit. Orig. Spics: T1034 aPsicologia scolastica bPsicologia Scolastica a1a ed. aMILANO bMartello Aldo c1969 [1° Ed.:1969 - Ed.Ling.Originale:1964] a"228 p. (prefazione: 20; testo: 208)" aStudio Psicologico dell'apprendimento scolastico Trasposizione dell'Addestramento Studente Capacità e Apprendimento scolastico variabili di Personalità Differenze Culturali e Apprendimento Superprofitto e Sottoprofitto Scuole Insegnanti e materie di Studio legge dell'Effetto motivazione Metodi di insegnamento Metodo Educativo Tecniche Didattiche Effetti dell'Istruzioneistruzione e Sviluppo delle Capacità Introduzione di Marco Battacchi aSAGGI DI PSICOLOGIA eCodice materia Spics: 3607